000 00280nam a2200121Ia 4500
008 220204s9999 xx 000 0 und d
082 _a524.1
_bUNS
100 _aAlbrecht
245 0 _aNew cosmos
260 _aNew York
_bSpringer Verlag
_c1969
650 _aCosmology
942 _cBK
999 _c25501
_d25501